[Event "AUS-ch U18 Girls"]
[Site "Canberra"]
[Date "2007.01.18"]
[Round "4"]
[White "Lee, Joanne"]
[Black "Kumar, Karishma"]
[Result "0-1"]
[WhiteElo "543"]
[BlackElo "765"]
[PlyCount "156"]
[EventDate "2007.01.14"]
[EventType "swiss"]
[EventRounds "11"]
[EventCountry "AUS"]
[SourceTitle "EXT 2008"]
[Source "ChessBase"]
[SourceDate "2007.11.25"]
[SourceVersion "1"]
[SourceVersionDate "2007.11.25"]
[SourceQuality "1"]

1. d4 d5 2. e3 Nf6 3. Bd3 e6 4. Nf3 Bd6 5. b3 c5 6. Bb2 Nc6 7. Nbd2 Bd7 8. 0-0 0-0 9. Qe2 Re8 10. c4 Qb6 11. Rab1 cxd4 12. exd4 Nb4 13. c5 Bxc5 14. dxc5 Qxc5 15. Rbc1 Qa5 16. Bc3 Qb6 17. Ne5 Nxa2 18. Rc2 Nxc3 19. Rxc3 Bc6 20. Rfc1 d4 21. Rc4 Bd5 22. Rc7 Rf8 23. Ndf3 Bxb3 24. Nd7 Nxd7 25. Rxd7 Rac8 26. Rf1 Rfe8 27. Nxd4 Red8 28. Rxd8+ Rxd8 29. Nxb3 Qxb3 30. Rb1 Qxd3 31. Qxd3 Rxd3 32. g3 b6 33. Rc1 g6 34. Rc8+ Kg7 35. Ra8 a5 36. Ra6 Rb3 37. Kg2 Kf6 38. f3 Ke5 39. Ra7 Kf6 40. g4 h5 41. Kg3 hxg4 42. Kxg4 Rb2 43. h4 e5 44. Kg3 Ra2 45. Ra6 Rb2 46. Kh3 Ke6 47. Ra7 f5 48. Kg3 Rb3 49. Ra6 e4 50. Ra8 exf3 51. Kf2 Rb4 52. Ra6 Kf7 53. Ra7+ Kg8 54. Ra8+ Kh7 55. Kg3 a4 56. Ra7+ Kh6 57. Ra6 g5 58. hxg5+ Kxg5 59. Ra7 b5 60. Ra5 Rb3 61. Kf2 Kg4 62. Ra7 Rb2+ 63. Ke3 f4+ 64. Ke4 Kg3 65. Rg7+ Kf2 66. Ra7 Ke2 67. Ra5 f2 68. Kd4 f1Q 69. Ra6 Qd1+ 70. Kc5 Rc2+ 71. Kb6 Qd6+ 72. Kxb5 Qxa6+ 73. Kxa6 Rb2 74. Ka5 f3 75. Kxa4 f2 76. Ka3 Rb8 77. Ka2 f1Q 78. Ka3 Qa1# 0-1